LDR 00731naa#a2200169#i#450# 001 EN\\bibl\121512 005 20260430103913.4 011 ## _a1994-5655 100 ## _a20260428b2026####ek#y0engy0150####ca 102 ## _aRU 200 1# _aOrganization and functional characteristics of the German camps for Soviet prisoners of war in the Reichskommissariat «Ukraine» _eJournal article 210 1# _aSyktyvkar _cFSBI FIC "Komi Scientific Center of the Ural Branch of the Russian Academy of Sciences" _d2026 215 ## _a4 с. 608 ## _aJournal article _2local 675 ## _aВсеобщая история. 94 _aОккупация территорий. 341.324 _aКонцлагеря. 343.819.5 _z 700 #1 _aShkribit'ko _gE. A. 856 4# _akomisc.editorum.ru _u